| 000 | 00633cam a22002177a 4500 | ||
|---|---|---|---|
| 001 | 001737 | ||
| 003 | armpunfd | ||
| 005 | 20140612090649.0 | ||
| 008 | 050912e0####xx#a##########000#0#und#d | ||
| 040 |
_aarmpunfd _carmpunfd |
||
| 080 | _a347.965 L 592 | ||
| 245 | 1 | 0 | _aLey 8.904 : ley arancelaria de las profesiones de abogados y procuradores |
| 260 |
_a Uenos Aires : Colegio De Abogados _b1979. 87 P. |
||
| 650 | 7 |
_a Abogados _2LEMB |
|
| 650 | 7 |
_a Aranceles _2LEMB |
|
| 650 | 7 |
_a Ley 8.904 _2LEMB |
|
| 650 | 7 |
_a Ley Arancelaria _2LEMB |
|
| 650 | 7 |
_a Procuradores _2LEMB |
|
| 942 |
_cLB _2cdu |
||
| 945 |
_aCatalis _d2010-08-19 |
||
| 999 |
_c1728 _d232232 |
||